Sanat - Sä päätit tän - Viivi - Statistics

Yleistilastot
  • Tätä visaa on pelattu 32 kertaa
  • Keskiarvotulos 121 / 172
Vastaustilastot
Vastaus % Oikein
100%
100%
niin
90%
päätit
90%
sun
90%
tai
90%
tän
90%
Älä
80%
auton
80%
ei
80%
en
80%
et
80%
joku
80%
mua
80%
mut
80%
naistenhuoneella
80%
oli
80%
oo
80%
paskoo
80%
polttaa
80%
se
80%
tehny
80%
vaan
80%
voisin
80%
itse
70%
ku
70%
menis
70%
mitään
70%
mulle
70%
murhannut
70%
pettäjän
70%
riitä
70%
sano
70%
siit
70%
takii
70%
vaatteesi
70%
vankilaan
70%
ansaitset
60%
apua
60%
enää
60%
Jenkeissä
60%
ok
60%
pahempaa
60%
paljon
60%
petetään
60%
sorkkaraudalla
60%
itsesäälissä
50%
jäljel
50%
katua
50%
meist
50%
muista
50%
oot
50%
tuntuu
50%
vellot
50%
aloit
40%
huijannut
40%
ilmaa
40%
kauan
40%
näin
40%
nyt
40%
koskaan
30%
kuka
30%
liian
30%
ois
30%
tekisit
30%
uskonut
30%
Ehtoja vastaavia visoja ei löytynyt
Tulosjakauma
Jokaisen tuloksen saaneiden osuus
Persentiili vastausten määrän mukaan
Tuloshistoriasi
Et ole pelannut tätä visaa